Statistics for Biggest Metro Areas in New England

Click here to take the quiz!

General Stats

  • This quiz has been taken 114 times
  • The average score is 11 of 15

Answer Stats

#PopulationCityState% Correct
14,878,211BostonMA
100%
31,201,483HartfordCT
97%
21,623,890ProvidenceRI
97%
4945,752WorcesterMA
91%
6851,948New HavenCT
89%
8543,221PortlandME
89%
9418,735ManchesterNH
87%
11221,160BurlingtonVT
86%
7695,654SpringfieldMA
86%
5942,426BridgeportCT
85%
13151,655BangorME
64%
10264,999NorwichCT
54%
15108,547LewistonME
45%
14124,571PittsfieldMA
36%
12213,164BarnstableMA
19%

Score Distribution

Percentile by Number Answered

Percent of People with Each Score

Your Score History

You have not taken this quiz